000
00287nam a2200121Ia 4500
008
190216s9999||||xx |||||||||||||| ||und||
100
_a
Sahgal N
245
0
_a
Storm In Chandigarh
260
_b
Hind Pocket Books Pvt Ltd
_c
1976
300
_a
250p
650
_a
English Novel
942
_c
BK
999
_c
12343
_d
12343